1444 1562 1889 1892 1313 1972 1991 1213 1227 1092 1736 1694 1488 1724 1462 1808 1087 1188 1164 1257 1146 1846 1381 1587 1063 1847 1974 1434 1819 1584 1746 1187 1762 1810 1455 1405 1296 1738 1309 1285 1002 1172 1674 1438 1765 1774 1414 1344 1337 1103 1220 1394 1758 1193 1455 1440 1611 1434 1219 1778 1896 1495 1513 1486 1993 1643 1096 1730 1168 1922 1402 1081 1975 1297 1389 1178 1626 1594 1513 1989 1669 1718 1668 1621 1370 1459 1905 1785 1057 1073 1157 1731 1926 1922 1404 1944 1541 1839 1108 BCNSPRNW ULIB Ver.6.0+V

เปลี่ยนเป็นภาษาไทย

Change to English
 แสดงรายละเอียดบรรณานุกรม
  กลับหน้าหลัก

Brief Record : Get Marc (ISO 2709) : E-mail record : QR code < ปิดหน้าต่าง
LEADER : 00000nam 2200000uu 4500
001    13399126590
003     ULIB
008    190118s2561||||th 000 0 tha d
020 ^  ^a9786163660565
050  0 ^aนว^bน473พ
100 0  ^aนายตะวัน.
245 1  ^aเพลงรักปีศาจ ชุดซีรีส์ราชสีห์ /^cนายตะวัน.
250 ^  ^aพิมพ์ครั้งที่ 1.
260 ^  ^aกรุงเทพฯ :^bแสงจันทร์นวล,^c2561.
300 ^  ^a500 หน้า ;^c19 ซม.
490 0  ^aราชสีห์ ;^v9
945    ^p370^l0^i004785
999    ^aประนอม เกษจรัล
รายการนี้ยังไม่มีแท็ก
คุณยังไม่ได้ล็อกอิน คุณสามารถมีกิจกรรมร่วมกับเว็บไซต์ได้ แต่ต้องล็อกอินก่อน ::
  ล็อกอิน

รายการสื่อสารสนเทศ

ลำดับที่ ประเภท เลขเรียก/บาร์โค้ด สถานที่ สถานะ
1. นวนิยาย
นวนิยาย
นว น473พ ฉ.1 
  Barcode: 004785
ห้องสมุดวิทยาเขตสวรรค์ประชารักษ์
►นวนิยาย
บนชั้น
  ขอยืม

รายการใกล้เคียง
    ผู้แต่ง [นายตะวัน.]

BibComment


ยังไม่เคยถูกคอมเมนท์

คอมเมนท์ทรัพยากรรายการนี้
  คอมเมนท์: เพลงรักปีศาจ ชุด..


 Copyright 2026. Bcnsprnw @Library